Os 10 Maiores Artilheiros da História do Real Madri - Statistics

Estatísticas Gerais
  • Esse quiz foi jogado 148 vezes
  • A pontuação média é 5 de 10
Estatísticas das Respostas
Jogador Partidas Gols % Correto
Cristiano Ronaldo 438 450
96%
Karim Benzema 648 354
86%
Raúl 741 323
80%
Alfredo Di Stéfano 360 276
70%
Ferenc Puskás 231 201
61%
Paco Gento 543 163
28%
Emilio Butragueño 451 167
15%
Hugo Sánchez 267 199
15%
Pirri 505 151
2%
Santillana 588 260
2%
Nenhum quiz correspondente encontrado
Distribuição das Pontuações
Porcentagem de Pessoas com Cada Pontuação
Percentil de Números Respondidos
Sua Pontuação Histórica
Você não jogou esse quiz